International economics
Salvato in:
| Autore principale: | |
|---|---|
| Natura: | Libro |
| Lingua: | inglese |
| Pubblicazione: |
Hoboken
John Wiley & Sons, Inc.
2007
|
| Edizione: | 9th ed. |
| Soggetti: | |
| Tags: |
Nessun Tag, puoi essere il primo ad aggiungerne!!
|
MARC
| LEADER | 00000nam$a2200000$$$4500 | ||
|---|---|---|---|
| 001 | 0071007 | ||
| 005 | 20240226124323.2 | ||
| 020 | |a 0-471-79468-6 | ||
| 020 | |a 978-0-471-79468-4 | ||
| 041 | 0 | |a eng | |
| 044 | |a US | ||
| 245 | 1 | 0 | |a International economics |c Dominick Salvatore |
| 250 | |a 9th ed. | ||
| 264 | 1 | |a Hoboken |b John Wiley & Sons, Inc. |c 2007 | |
| 300 | |a 838 s. | ||
| 610 | 2 | 0 | |a vzťahy hospodárske medzinárodné |
| 610 | 2 | 0 | |a hospodárstvo svetové |
| 610 | 2 | 0 | |a obchod medzinárodný |
| 610 | 2 | 0 | |a teórie ekonomické |
| 610 | 2 | 0 | |a situácia hospodárska |
| 610 | 2 | 0 | |a problémy spoločenské |
| 610 | 2 | 0 | |a globalizácia |
| 610 | 2 | 0 | |a štúdie prípadové |
| 610 | 2 | 0 | |a osobnosť |
| 610 | 2 | 0 | |a dopyt |
| 610 | 2 | 0 | |a ponuka |
| 610 | 2 | 0 | |a dotácie |
| 610 | 2 | 0 | |a konkurencia |
| 610 | 2 | 0 | |a rast hospodársky |
| 610 | 2 | 0 | |a tarify |
| 610 | 2 | 0 | |a integrácia ekonomická |
| 610 | 2 | 0 | |a rozvoj hospodársky |
| 610 | 2 | 0 | |a podnik multinacionálny |
| 610 | 2 | 0 | |a bilancia platobná |
| 610 | 2 | 0 | |a trh devízový |
| 610 | 2 | 0 | |a hospodárstvo otvorené |
| 610 | 2 | 0 | |a makroekonomika |
| 610 | 2 | 0 | |a príjmy |
| 610 | 2 | 0 | |a ceny |
| 610 | 2 | 0 | |a výroba |
| 610 | 2 | 0 | |a kurz devízový |
| 610 | 2 | 0 | |a politika menová |
| 100 | 1 | |a Salvatore, Dominick | |